01291nam a2200301Ia 4500001001200000003000800012006001900020007001500039008004100054020002300095040002100118035002000139050002300159082001400182245018300196260004000379300001700419533015200436650002900588650006100617650004100678651006300719655002900782700002000811710001700831856012600848999001500974ebr10022150CaPaEBRm u cr cn|||||||||020508s2002 mdu s 000 0 eng d z089059578X (eBook) aCaPaEBRcCaPaEBR a(OCoLC)7077311914aHA214b.S74 2002eb04a317.322100aState profilesh[electronic resource] :bthe population and economy of each U.S. state /ceditor, Helmut F. Wendel ; associate editors, Sohair M. Abu-Aish, Katherine A. DeBrandt. aLanham, MD :bBernan Press,cc2002. axiii, 578 p. aElectronic reproduction.bPalo Alto, Calif. :cebrary,d2009.nAvailable via World Wide Web.nAccess may be limited to ebrary affiliated libraries. 0aU.S. statesvStatistics. 0aU.S. statesxEconomic conditionsy1981-2001vStatistics. 0aU.S. statesxPopulationvStatistics. 0aUnited StatesxEconomic conditionsy1981-2001vStatistics. 7aElectronic books.2local1 aWendel, Helmut.2 aebrary, Inc.40uhttp://site.ebrary.com/lib/rucke/Doc?id=10022150zAn electronic book accessible through the World Wide Web; click to view c9696d9696